Every Philadelphia Eagles Player to Score a Touchdown in 2023-24 - Statistics

General Stats
  • This quiz has been taken 106 times
  • The average score is 9 of 12
Answer Stats
Total TDs Player % Correct
7 A.J. Brown
100%
15 Jalen Hurts
100%
7 DeVonta Smith
99%
1 Sydney Brown
94%
6 D'Andre Swift
92%
4 Dallas Goedert
82%
2 Kenneth Gainwell
81%
3 Julio Jones
69%
1 Darius Slay
60%
1 Quez Watkins
53%
2 Olamide Zaccheaus
43%
1 Jalen Carter
40%
No matching quizzes found
Score Distribution
Percent of People with Each Score
Percentile by Number Answered
Your Score History
You have not taken this quiz